LEADER 01500nam0 22002893i 450 001 VAN00244687 005 20240806101402.114 010 $a978-11-18-89870-3 100 $a20220412d2015 |0itac50 ba 101 $aeng 102 $aUS 105 $a|||| ||||| 200 1 $aData-driven design and construction$e25 strategies for capturing, analyzing and applying building data$fRandy Deutsch 210 $a Hoboken$cWiley$d2015 215 $aXXIII, 358 p.$cill.$d24 cm 500 1$3VAN00244688$aData-driven design and construction$92028542 620 $dHoboken$3VANL000453 700 1$aDeutsch$bRandy$3VANV199844$0906872 712 $aWiley $3VANV108092$4650 801 $aIT$bSOL$c20240906$gRICA 856 4 $u/sebina/repository/catalogazione/documenti/docg003~01391920230921121032.pdf$zdocg003~01391920230921121032.pdf 856 4 $uhttps://www.wiley.com/en-jp/Data+Driven+Design+and+Construction%3A+25+Strategies+for+Capturing%2C+Analyzing+and+Applying+Building+Data-p-9781118898703$zhttps://www.wiley.com/en-jp/Data+Driven+Design+and+Construction%3A+25+Strategies+for+Capturing%2C+Analyzing+and+Applying+Building+Data-p-9781118898703 899 $aBIBLIOTECA DEL DIPARTIMENTO DI INGEGNERIA$1IT-CE0100$2VAN05 912 $aVAN00244687 950 $aBIBLIOTECA DEL DIPARTIMENTO DI INGEGNERIA$d05PREST G 003 $e05UBI1189 20220412 $sBuono 996 $aData-driven design and construction$92028542 997 $aUNICAMPANIA